| 000 | 00634nam a22002177a 4500 | ||
|---|---|---|---|
| 003 | OSt | ||
| 005 | 20260520091402.0 | ||
| 008 | 260520b |||||||| |||| 00| 0 eng d | ||
| 020 | _a0-19-500306-3 | ||
| 040 | _cChuka University Library | ||
| 050 |
_aJC 71 _b.P65 1946 |
||
| 100 |
_aBarker Ernest _925653 |
||
| 245 | _aTHE POLITICS OF ARISTOTLE | ||
| 260 |
_aLondon Oxford New York _bOXFORD UNIVERSITY PRESS _c1946 |
||
| 300 | _a411 | ||
| 650 |
_aPolitical Science _913543 |
||
| 650 |
_aDemocracy Greece History _925654 |
||
| 650 |
_aPolitical philosophy Ancient _925655 |
||
| 650 |
_aPolitical ethics _925656 |
||
| 942 |
_2lcc _cBK _n0 |
||
| 999 |
_c22558 _d22558 |
||